Զարթոնք. (Record no. 47524)
[ view plain ]
| 000 -LEADER | |
|---|---|
| fixed length control field | 00823nam a2200205Ia 4500 |
| 003 - CONTROL NUMBER IDENTIFIER | |
| control field | SEM |
| 005 - DATE AND TIME OF LATEST TRANSACTION | |
| control field | 20220608071455.0 |
| 008 - FIXED-LENGTH DATA ELEMENTS--GENERAL INFORMATION | |
| fixed length control field | 141116s9999 xx 000 0 und d |
| 040 ## - CATALOGING SOURCE | |
| Original cataloging agency | |
| Transcribing agency | |
| 041 0# - LANGUAGE CODE | |
| Language code of text/sound track or separate title | arm. |
| 080 ## - UNIVERSAL DECIMAL CLASSIFICATION NUMBER | |
| Universal Decimal Classification number | 891.981-3/Մ-16 |
| 100 1# - MAIN ENTRY--PERSONAL NAME | |
| Personal name | Մալխաս |
| 245 10 - TITLE STATEMENT | |
| Title | Զարթոնք. |
| Statement of responsibility, etc. | Մալխաս. |
| 260 ## - PUBLICATION, DISTRIBUTION, ETC. | |
| Place of publication, distribution, etc. | Նյու Յորք: |
| Name of publisher, distributor, etc. | Առաջնորդարան Հայոց Նիւ Եորք, |
| Date of publication, distribution, etc. | 1982. |
| 300 ## - PHYSICAL DESCRIPTION | |
| Extent | Հ. |
| Other physical details | 1 դիմ.; |
| Dimensions | 23,5 սմ. |
| 505 ## - FORMATTED CONTENTS NOTE | |
| Formatted contents note | Հ. Ե - |
| Title | Մաս Ա. - Անահիտ Ոսկեան Մաս Բ. - Սգաւոր առիւծ Գեւօն, |
| Miscellaneous information | 1982. - 332 էջ: |
| 650 ## - SUBJECT ADDED ENTRY--TOPICAL TERM | |
| Topical term or geographic name entry element | Սփյուռքահայ գրականություն |
| General subdivision | քաղաքական վեպ |
| Chronological subdivision | 19-րդ դ. |
| 650 ## - SUBJECT ADDED ENTRY--TOPICAL TERM | |
| Topical term or geographic name entry element | Հայ գրականություն |
| General subdivision | վեպ |
| -- | հեղափոխական շարժում |
| 942 ## - ADDED ENTRY ELEMENTS (KOHA) | |
| Source of classification or shelving scheme | Universal Decimal Classification |
| Koha item type | Գրքեր/Books |
| Withdrawn status | Lost status | Source of classification or shelving scheme | Damaged status | Not for loan | Collection code | Home library | Current library | Date acquired | Inventory number | Total Checkouts | Full call number | Barcode | Date last seen | Price effective from | Koha item type | Public note |
|---|---|---|---|---|---|---|---|---|---|---|---|---|---|---|---|---|
| Universal Decimal Classification | Գրապահոց | Մայր Աթոռ Սուրբ Էջմիածին «Վաչե և Թամար Մանուկյան» Մատենադարան | Մայր Աթոռ Սուրբ Էջմիածին «Վաչե և Թամար Մանուկյան» Մատենադարան | 15/12/2015 | 497 | 891.981-3/Մ-16 | 497 | 16/11/2014 | 08/06/2022 | Գրքեր/Books | սպասարկվում է ընթերցասրահ |